Top 10 des joueurs avec le plus de soulier d'or au 21eme siècle. - Statistiques

Statistiques générales
  • Ce quiz a été pris 130 fois
  • Le résultat moyen est 7 sur 10
Statistiques - réponses
Soulier
d'or
Joueur Années % Correct
4 Cristiano Ronaldo 2008/ 2011/ 2014/ 2015
100%
6 Lionel Messi 2010/ 2012/ 2013/ 2017/ 2018/ 2019
100%
2 Robert Lewandowski 2021/ 2022
93%
2 Luis Suarez 2014/ 2016
88%
1 Erling Haaland 2023
84%
2 Thierry Henry 2004/ 2005
68%
1 Harry Kane 2024
67%
1 Ciro Immobile 2020
26%
2 Diego Forlan 2005/ 2009
18%
1 Luca Toni 2006
9%
Aucun quiz correspondant
Distribution des résultats
% des personnes avec chaque résultat
Percentile par nombre de réponses
Votre historique - résultats
Vous n’avez pas pris ce quiz